Bodas de sangre: tragedia en tres actos y siete cuadros, 1933
Gardado en:
| Autor Principal: | |
|---|---|
| Formato: | Libro |
| Idioma: | Lingua castelá |
| Publicado: |
Santiago
Ercilla
1984
|
| Series: | Los Mejores Libros de la Literatura Española, 25
|
| Subjects: | |
| Tags: |
Engadir etiqueta
Sen Etiquetas, Sexa o primeiro en etiquetar este rexistro!
|
MARC
| LEADER | 00000cam a2200000 a 4500 | ||
|---|---|---|---|
| 001 | UCH3780 | ||
| 003 | CL-VaPUC | ||
| 008 | 090818e19840000CL |||||||||||||||||spa|d | ||
| 082 | 0 | 4 | |a 862 |b GAR |2 21 |
| 100 | |a García Lorca, Federico |e autor |9 315690 | ||
| 245 | 1 | 0 | |a Bodas de sangre: tragedia en tres actos y siete cuadros, 1933 |
| 300 | |a 191 p | ||
| 942 | |c BK | ||
| 945 | |d 20090818 00:00:00 |a lazolas | ||
| 260 | |a Santiago |b Ercilla |c 1984 | ||
| 500 | |a Se distribuye con revista Ercilla | ||
| 650 | 0 | |a Teatro español |9 265077 | |
| 583 | |a last modification |c 20130801 05:18:54 |k Rodrigo Vera | ||
| 490 | 0 | |a Los Mejores Libros de la Literatura Española, 25 | |
| 999 | |c 335213 |d 335211 | ||